Statistics for Every Club Gareth Bale Has Scored Against

Click here to take the quiz!

General Stats

  • This quiz has been taken 179 times
    (110 since last reset)
  • The average score is 40 of 77

Answer Stats

#Country of clubClub% Correct
2SpainFC Barcelona
97%
3SpainSevilla
92%
1EnglandManchester United
91%
2SpainAtlético Madrid
90%
2EnglandManchester City
89%
5EnglandArsenal
85%
3EnglandAston Villa
85%
4ItalyInter Milan
85%
3EnglandLiverpool
85%
1SpainValencia
83%
1ItalyJuventus
80%
2EnglandChelsea
78%
2GermanyBorussia Dortmund
77%
3SpainReal Betis
74%
1Wales / EnglandSwansea City
73%
6SpainVillarreal
73%
6SpainReal Sociedad
72%
2EnglandQueens Park Rangers
71%
3EnglandWest Ham United
70%
5SpainGetafe
69%
3EnglandNewcastle United
69%
3EnglandSouthampton
68%
1TurkeyGalatasaray
67%
2ItalyAS Roma
64%
6SpainCelta Vigo
62%
4SpainEspanyol
61%
3EnglandFulham
60%
2EnglandLeicester City
59%
8SpainDeportivo La Coruña
58%
1SpainMálaga
58%
2EnglandSunderland
58%
2SpainGirona
57%
1SwitzerlandBasel
55%
2FranceOlympique Lyonnais
55%
1EnglandWest Bromwich Albion
55%
2EnglandCrystal Palace
54%
1SpainGranada
54%
4SpainLevante
54%
5EnglandNorwich City
54%
3EnglandBurnley
53%
1SpainDeportivo Alavés
52%
2SpainEibar
49%
2SpainElche
49%
1EnglandBrighton & Hove Albion
48%
2PolandLegia Warsaw
48%
9SpainRayo Vallecano
48%
2EnglandBolton Wanderers
45%
2GermanySchalke 04
45%
3EnglandStoke City
45%
3SpainReal Valladolid
44%
4EnglandWigan Athletic
44%
2SpainLas Palmas
43%
2EnglandBlackburn Rovers
41%
1EnglandHull City
40%
3SpainAlmería
38%
4SpainLeganes
38%
1EnglandDerby County
34%
2AustriaWolfsberg
34%
3EnglandSheffield United
33%
1SpainHuesca
32%
1BulgariaLudogoretz Razgrad
31%
1EnglandMiddlesbrough
31%
1NetherlandsTwente
30%
1CzechiaViktoria Plzeň
30%
1EnglandReading
27%
1ScotlandHearts
24%
1AustriaLASK
20%
1SpainSporting Gijon
20%
3JapanKashima Antlers
18%
1SpainCordoba
16%
2EnglandCoventry City
15%
1MexicoCruz Azul
15%
1United Arab EmiratesAl-Jazira
13%
1ArgentinaSan Lorenzo
13%
1EnglandWycombe
10%
1SpainNumancia
7%
1SpainUnionistas de Salamanca
1%

Score Distribution

Percentile by Number Answered

Percent of People with Each Score

Your Score History

You have not taken this quiz since the last reset